000 00626nam a2200229 i 4500
001 C2-0231674
003 PPAK
005 20180728084828.0
008 001128s1968 enka|||| ||||| | eng d
040 _aPPAK
_beng
_cPPAK
_erda
082 0 4 _a823
_223
090 0 0 _a823
_bPEA
_dKSI
100 1 _aPeach, L. Du Garde,
_eauthor
245 1 4 _aThe story of Napoleon
264 1 _aEngland :
_bWills & Hepworth ,
_c1968
300 _a50 pages :
_bcolour illustrations ;
_c17 cm
336 _2rdacontent
_atext
337 _2rdamedia
_aunmediated
338 _2rdacarrier
_avolume
650 1 0 _aEnglish fiction
942 _ddc
_cB
999 _c151041
_d151041